00569nam a2200169Ia 4500008004100000020001500041041000800056082001500064100002200079245007500101250000600176260003100182300001100213650002700224999001900251952012900270210716s2003 xx 000 0 und d a8177223739 aeng a651.7 SHEM aShelburne, Merry. aEffective public relations: a practical approach.bPractical approach. a2 aNew DelhibBiztantrac2003 aix,314 aBusiness Communication c198098d198098 00102ddc40738MBAaAIMITbAIMITd2004-09-21g199.00l0o651.7 SHEMpMBA00663r2025-07-21 00:00:00v159.20w2021-07-16yBK